| 000 | 00931nmc a2200349 a 4500 | ||
|---|---|---|---|
| 003 | AR-BaBNM | ||
| 005 | 20251128211346.0 | ||
| 008 | 174020s2004 ||||||||||||||000 | spa|| | ||
| 020 | _a950-07-2451-0 | ||
| 040 | _cAR-BaBNM | ||
| 100 | 1 | _aSchujer, Silvia | |
| 245 | 1 | 0 | _aLa leyenda del picaflor |
| 250 | _a1ª ed. | ||
| 260 |
_aBuenos Aires _bSudamericana _c2004 |
||
| 300 | 0 |
_a32 p. _bil. |
|
| 490 | 0 |
_aCuentamérica. Naturaleza _vv. 8 |
|
| 500 | 0 | _aSugerido a partir de los 4 años | |
| 650 | 4 | _aLITERATURA ARGENTINA | |
| 650 | 4 | _aCUENTOS | |
| 650 | 4 | _aLIBROS PARA NINOS | |
| 650 | 4 | _aLITERATURA INFANTIL | |
| 650 | 4 | _aLITERATURA FOLKLORICA | |
| 650 | 4 | _aLEYENDAS | |
| 650 | 4 | _aTRADICION ORAL | |
| 655 | _aLITERATURA | ||
| 700 | 1 |
_aPrada, Marta _ecolaborador |
|
| 700 | 1 |
_aRojas, María _eilustrador |
|
| 700 | 1 |
_aFernández, Luciana _eilustrador |
|
| 800 | 0 | _aCanela | |
| 942 | _cBK | ||
| 998 | _cmartin | ||
| 999 |
_c19329 _d19329 |
||